00399 2200169 4500001002100000005001500021008004100036035001900077041000700096082000800103090001400111100001500125245002700140260002700167300002000194650001500214INLIS00000000001300820241224114455241224||||||||| | ||| |||| || |  0010-1224013008 aid0 a340 a340 VEN p0 aVANDER VEN00aPENGANTAR HUKUM KERDJA bJAJASAN KANISIUSc1969 a63hlm;14,5x21cm 0ailmu hukum